000 00330nam a2200133Ia 4500
008 190723s9999 xx 000 0 und d
020 _a978-93-325-4209-9
100 _aRaj Kumar Bansal
245 0 _aMATLAB and its Applications in Engineering
250 _a2nd
260 _aIndia
_bPearson
_c2016
300 _a638:p
942 _cBK
999 _c1552
_d1552